| 000 | 00732nam a2200193 a 4500 | ||
|---|---|---|---|
| 001 | 000040266 | ||
| 005 | 20201002034024.0 | ||
| 008 | 130802s2007 mx r 000 0 spa d | ||
| 020 | _a9789703251254 | ||
| 040 |
_aDO-SdBNP _bspa _cBNPHU |
||
| 100 | 1 |
_aRosa, João Guimarães, _d1908-1967 _95280 |
|
| 245 | 1 | 0 |
_aLa hora y la oportunidad de Augusto Matraga / _cJoão Guimarães Rosa ; introducción y traducción Valquiria Wey. |
| 260 |
_aMéxico : _bUniversidad Nacional Autónoma de México, _c2007. |
||
| 300 |
_a62 p. ; _c18 cm. |
||
| 490 | 1 |
_aRelato Licenciado Vidriera _v44 |
|
| 700 | 1 |
_aWey, Valquiria, _eed. _966539 |
|
| 710 | 2 |
_aUniversidad Nacional Autónoma de México _942447 |
|
| 830 | 0 |
_aRelato Licenciado Vidriera _v44 _966234 |
|
| 999 |
_c39756 _d39756 |
||